000 00746nam a2200217 i 4500
001 155568
003 ES-MaACL
005 20260616130212.0
008 040722s1771 xxk |||| | eng d
040 _aCAM
_bspa
_cCAM
100 0 _aHomero
_964112
240 1 3 _aLa Odisea.
_lInglés
245 1 4 _aThe Odyssey of Homer
_b: volume the first /
_ctranslated by Alexander Pope.
260 _aLondon :
_bprinted for J. Whiston, Baker and Leigh ...,
_c1771.
300 _aXXXVI, 312 p. ;
_c8º.
594 _aEl traductor precede al número de volumen.
597 _aSign.: A8, a8, b2, B-U8, X4.
700 1 _aPope, Alexander,
_d1688-1744
_993082
852 _aES-MaACL
_jR-1272-73(1)
_z-- Enc. tela
_xOlim: G-13281-82
999 _c155568
_d155568